| 000 | 00483nam a2200193Ia 4500 | ||
|---|---|---|---|
| 008 | 131103s9999 xx 000 0 und d | ||
| 040 | _aLoreto College | ||
| 041 | _aEnglish | ||
| 082 |
_aREF _bLCBED/4309 |
||
| 100 | _aKilpatrick, Cathy | ||
| 245 |
_aAll about mammals _cCathy Kilpatrick |
||
| 260 |
_aLondon _bHolywell _c1976 |
||
| 300 |
_a32p. _b ill. _c 26cm. |
||
| 440 | _aKnow our World | ||
| 504 | _aIncludes index | ||
| 650 | _aREF | ||
| 850 | _aLCBED/REF | ||
| 942 | _cBK | ||
| 999 |
_c33769 _d84248 |
||